MDQL
is popping MORE tags! Check the
thread
!
Quizzes
Events
Quiz Creation
Community
Videos
Private Events
Remove Ads
Sign In
Join for FREE
Feedback
Dark Mode
Quiz Categories
Sports
Geography
Music
Movies
Television
Just For Fun
Miscellaneous
History
Literature
Language
Science
Gaming
Entertainment
Religion
Holiday
For Kids
Quiz Lab
Recent
Popular Today
Quiz Kudos Today
Editor Picks
Curator Picks
Quizzes by...
Day
Popularity
Type
Ratings
Length
Year
Community
Subscriptions
Recent Discussions
Orange Saloon
Badges
Playlists
Quests
Create
Leaderboards
Showdown
Live 5
Trivia Bingo
Activity
Puzzle Library
Sporcle Events
Private Events
Virtual Trivia
Globe League
Become a Host
Pub Owners
SporcleCon
Opinionation
Our Games
Videos
Blog
Mobile Apps
Partnerships
Remove Ads and Go Orange
Feedback
Just For Fun
Clickable
Get the Picture
Humor
Quick Pick
Word Ladder
Missing Word
Mixed Word
Blitz
Minefield
This or That
Alphabet
Color
Typing
Sporcle
Puzzle
Word Play
Follow That Line
Logic
Just For Fun
Clickable
Get the Picture
Humor
Quick Pick
Word Ladder
Missing Word
Mixed Word
Blitz
Minefield
This or That
Alphabet
Color
Typing
Sporcle
Puzzle
Word Play
Follow That Line
Logic
Random Quiz
Search Sporcle
×
Quiz Lab
Quiz Lab
Just For Fun
Famous
Type in answers that appear in a list
Type in answers that appear in a list
Classic
Best Score? Go Orange.
Mustache Challenge (Picture) Stats
Can you name the Identity of the famous mustache?
By
thegraypist
6m
22 Questions
760 Plays
760 Plays
760 Plays
Comments
Comments
Give Quiz Kudos
Give Quiz Kudos
-
- Ratings
hide this ad
Replay
Link that replays current quiz
Next Quiz
Link to next quiz in quiz playlist
You Got
0%
They Got
Avg Score
39%
Avg Friend Score
Upgrade to see
Score Distribution
Jump to the score distribution portion of the page
Score
0/22
Timer
06:00
0
Plays Today
Number
Stache Identity
% Correct
11
Adolf Hitler
86.3%
14
Hulk Hogan
83.8%
15
Luigi
82.4%
16
Ned Flanders
74.6%
7
Dr. Phil McGraw
57.6%
6
Tom Selleck
49.6%
13
Mike Ditka
45.1%
8
Jason Lee
43.7%
18
God (according to Michaelangelo)
42.8%
3
Mark Twain
37.6%
5
The Swedish Chef (Muppets)
37.1%
Number
Stache Identity
% Correct
10
Charlie Chaplin
35.8%
20
Bill Cowher
34.2%
2
Wade Boggs
29.2%
1
Don Mattingly
28.7%
17
Conan O'brien (as Conando)
20.4%
9
John Oates (Hall and Oates)
17.4%
21
Alan Jackson
13.8%
12
Chesley 'Sully' Sullenberger
12.5%
19
Otto Von Bismarck
11.3%
4
Archduke Franz Ferdinand
7.2%
22
Genghis Khan (according to his bust)
6.6%
Quiz Playlist
Details
Report
Send in Message
Add To Playlist
Classic:
Type in answers that appear in a list
Last Updated: Feb 16, 2017
Quiz Scoreboard
CHALLENGE
Sign Up to Join the Scoreboard
Show All
Scores
Hide
Comments
May contain spoilers
Recently Published
Two Season TV Shows II
by 123Four
Television
10m
Image Sorting: Flags VI
by Barbecue
Geography
2m
Find the 'City' Movie
by crazypaving
Movies
60s
More to Explore
Quiz From the Vault
Featured Blog Post
14 Easter Pick-up Lines to Find Eggs With
hide this ad
You Might Also Like...
Tags
Famous Quiz
Numbers Quiz
challenge
Identity
Image Quiz
mustache
Today's Top Quizzes in Just For Fun
Browse Just For Fun
hide this ad
Today's Top Quizzes in Famous
Browse Famous
Top Contributed Quizzes in Just For Fun
1
Name Just One - 10 to 1: Just For Fun
2
Missing Word: 2-Letter A-Z II
3
Avatar the Last Airbender: Logic Puzzle
4
Missing Letter Whitney Houston Songs
5
Missing Word: 'Of' Things A-Z
6
It's Magic / Witchcraft 🎩🪄🧙♀️
7
Eurovision 2024 Countries Logic Puzzle
8
Survivor Winners Logic Puzzle
9
Missing Word: 'Of' Things A-Z II
10
Killer Double Trees 224 - Colour Match-Up
Explore More
Trending Topics
NBA
Marvel
Anime
Kpop
Crossword
Disney
Harry Potter
Soccer
WWE
Puzzle
NFL
Song
Pokémon
Country
The Office
hide this ad
More By:
thegraypist
Quiz
Plays
Rating
Category
Featured
Created
Big 4 Sports Teams by Retro Logo (Pic)
7,839
3.95
Sports
Mar 6, 2010
NBA player by his Nike shoe logo (Pic)
5,821
3.27
Sports
Oct 31, 2012
Renamed Sports Team Logos, Big 4 (Pic)
4,348
4.11
Sports
Mar 7, 2010
Are You a Chicagoan?
3,029
2.47
Geography
Feb 10, 2010
World City Silhouettes
2,515
4.36
Geography
May 27, 2013
Go to Creator's Profile
Score Distribution
Quiz Creator Spotlight
thegraypist
Follow
Send a Message
Quizzes Created
-
Created Quiz Play Count
-
More By This Creator
Popular Quizzes Today
1
Find the US States - No Outlines Minefield
2
Colored Red Africa Blitz
3
Find the 'City' Movie
4
5x2 Blitz: Bands
5
The Countries of the World
6
Find the Countries of Europe - No Outlines Minefield
7
Find the US States
8
US States
More Just For Fun Quizzes
Words in University/College Names
Published
Trending Quizzes
Colored Red Europe Blitz I
Colored Red Africa Blitz II
Colored Red Europe Blitz II
Colored Red Africa Blitz III
Even More Two Season TV Shows
Recently Updated
March Madness Men's Triple Doubles
pecheneg
How Do You Spell That?
pecheneg
Godzilla Movies
pecheneg
Grab Bag: 4-10 Letters
pecheneg
2024 March Madness Bracket
pecheneg
Famous TV Couples
Peacemaker
Champions League XIs: Real Madrid
pecheneg
Largest US Cities 1790-2010
pecheneg
Rides in Walt Disney World
pecheneg
Most Oscar Losses (Acting)
pecheneg
Trending Topics
Anime
Kpop
Harry Potter
NBA
Crossword
Marvel
Disney
The Office
Soccer
Pokémon
Song
Puzzle
WWE
NFL
Country
Your Account Isn't Verified!
In order to create a playlist on Sporcle, you need to verify the email address you used during registration. Go to your
Sporcle Settings
to finish the process.
Report this User
Report this user for behavior that violates our
Community Guidelines
.
Details:
Send Report
Go to the Sporcle.com Mobile Site →
Comments